| 000 | 00493nam a2200205Ia 4500 | ||
|---|---|---|---|
| 005 | 20240703112248.0 | ||
| 008 | 131103s9999 xx 000 0 und d | ||
| 020 | _a81 7167 200 0 | ||
| 040 | _aLoreto College | ||
| 041 | _aEnglish | ||
| 082 |
_a796 _bZAK |
||
| 100 | _aZakhmi, Baljit Singh | ||
| 245 |
_aGroup games _cBaljit Singh Zakhmi |
||
| 260 |
_aNew Delhi _bRupa _c1994 |
||
| 300 |
_a90p. _b ill. |
||
| 504 | _aIncludes index | ||
| 650 | _aGames | ||
| 850 | _aLCBED | ||
| 942 | _cBK | ||
| 999 |
_c29965 _d80444 |
||